Autobiografia / (Record n. 3325)

Dettagli MARC
000 -LEADER
fixed length control field 00834nam a2200253 i 4500
003 - CONTROL NUMBER IDENTIFIER
control field IT-RoINE
005 - DATE AND TIME OF LATEST TRANSACTION
control field 20200316070215.0
008 - FIXED-LENGTH DATA ELEMENTS--GENERAL INFORMATION
fixed length control field 030930s1991 it r 000 baita d
040 ## - CATALOGING SOURCE
Original cataloging agency PUG
Transcribing agency IT-RoINE
Modifying agency IT-RoINE
041 ## - LANGUAGE CODE
Language code of text/sound track or separate title ita
Language code of original and/or intermediate translations of text spa
100 0# - MAIN ENTRY--PERSONAL NAME
9 (RLIN) 6347
Personal name Antonio María Claret,
Titles and other words associated with a name Santo,
Dates associated with a name 1807-1870
240 10 - UNIFORM TITLE
Uniform title Autobiografía.
Language of a work Italiano
245 10 - TITLE STATEMENT
Title Autobiografia /
Statement of responsibility, etc Antonio Maria Claret ; traduzione del P. Giuseppe Matteocci C.M.F.
260 ## - PUBLICATION, DISTRIBUTION, ETC. (IMPRINT)
Place of publication, distribution, etc Roma :
Name of publisher, distributor, etc Missionari Clarettiani,
Date of publication, distribution, etc 1991.
300 ## - PHYSICAL DESCRIPTION
Extent 278 p., 1 h. de lám. ;
Dimensions 21 cm.
336 ## - CONTENT TYPE
Source rdacontent
Content type term text
337 ## - MEDIA TYPE
Source rdamedia
Media type term unmediated
338 ## - CARRIER TYPE
Source rdacarrier
Carrier type term volume
500 ## - GENERAL NOTE
General note Tít. orig.: Autobiografía.
500 ## - GENERAL NOTE
General note Apéndice: p. 243-270.
546 ## - LANGUAGE NOTE
Language note Texto original en español.
700 1# - ADDED ENTRY--PERSONAL NAME
Personal name Matteocci, Giuseppe,
Titles and other words associated with a name C.M.F.
9 (RLIN) 6675
942 ## - ADDED ENTRY ELEMENTS (KOHA)
Item type Monografías
Dati di copia
Withdrawn status Lost status Damaged status Not for loan Home library Current library Date acquired Total Checkouts Full call number Barcode Date last seen Price effective from Koha item type
        Iglesia Nacional Española en Roma Iglesia Nacional Española en Roma 24/04/2014   BIO 1357 3783 24/04/2014 24/04/2014 Monografías